000
00224nam a22000857a 4500
008
161114b xxu||||| |||| 00| 0 eng d
100
_9
1189
_a
Arora.S.L.
245
_a
Move Fast with Physics-XII
260
_a
New Delhi
_b
Dhanpat
_c
2012
999
_c
3872
_d
3872